| 000 | 00738nam a2200229 a 4500 | ||
|---|---|---|---|
| 001 | BRL_1154 | ||
| 005 | 20190320211047.0 | ||
| 008 | 201113s1956----gw-a######---#000-0#ger-# | ||
| 041 | _ager | ||
| 044 | _agw | ||
| 050 | 4 |
_aDB30 _b.W45 1956 |
|
| 100 | 1 |
_aWeigel, Hans _925953 |
|
| 245 | 1 | 0 |
_aO du mein Österreich _bVersuch des Fragments einer Improvisation für anfänger und solche, die es werden wollen _cHans Weigel ; illustriert von Paul Flora. |
| 260 |
_aStuttgart _bSteingrüben _c1956 |
||
| 300 |
_a206 p. _bil. _c20 cm. |
||
| 500 | _aEstado físico: desprendimiento del lomo. | ||
| 500 | _aAu1335 | ||
| 651 | 4 |
_aAustria _xVida social y costumbres _925954 |
|
| 700 | 1 |
_aFlora, Paul _eil. _925955 |
|
| 902 | _aGRL | ||
| 942 |
_2lcc _cB |
||
| 999 |
_c9966 _d9966 |
||